000 00653nam a2200217 4500
003 OSt
005 20240621064725.0
006 a
008 240621b |||||||| |||| 00| 0 eng d
020 _a9789712724510
040 _aDWCL-Main lib.
_cOC
082 _2New edition
_aFil. 420 H113c 2010
100 _aHabana, Pacita I.
245 _aCollege English for today 2 /
250 _aNew edition
260 _aMandaluyong City :
_bAnvil Pub. , Inc. ,
_cc2010.
300 _b242 p. ;
_c26 cm.
504 _aIncludes bibliographical references.
650 _a1. English language-Study and teaching.
942 _2ddc
_n0
_cBK - FIL
_eNew edition
_kFil.
999 _c1080
_d1080